Sindicatos, trade-unions y corporaciones / (Record no. 126356)

MARC details
000 -LEADER
campo de control de longitud fija 00927nam a2200253 i 4500
001 - NÚMERO DE CONTROL
campo de control 126356
003 - IDENTIFICADOR DE NÚMERO DE CONTROL
campo de control ES-MaACL
005 - FECHA Y HORA DE LA ÚLTIMA TRANSACCIÓN
campo de control 20251210185542.0
007 - CAMPO FIJO DE DESCRIPCIÓN FÍSICA--INFORMACIÓN GENERAL
campo de control de longitud fija t|
008 - DATOS DE LONGITUD FIJA--INFORMACIÓN GENERAL
campo de control de longitud fija 070214s1916 sp r ||||1| spa d
080 ## - NÚMERO DE LA CLASIFICACIÓN DECIMAL UNIVERSAL
Número de la Clasificación Decimal Universal 331.105.42/.44
080 ## - NÚMERO DE LA CLASIFICACIÓN DECIMAL UNIVERSAL
Número de la Clasificación Decimal Universal 327.32(460)
100 1# - ENTRADA PRINCIPAL--NOMBRE DE PERSONA
Nombre de persona Renard, Georges.
9 (RLIN) 96174
245 10 - MENCIÓN DEL TÍTULO
Título Sindicatos, trade-unions y corporaciones /
Mención de responsabilidad, etc. por Georges Renard ; traducción aumentada con un prólogo, un apéndice y un índice bibliográfico sobre el movimiento obrero español por Manuel Núñez de Arenas.
260 ## - PUBLICACIÓN, DISTRIBUCIÓN, ETC.
Lugar de publicación, distribución, etc. Madrid :
Nombre del editor, distribuidor, etc. Daniel Jorro,
Fecha de publicación, distribución, etc. 1916.
300 ## - DESCRIPCIÓN FÍSICA
Extensión 631 p. ;
Dimensiones 18 x 12 cm.
490 1# - MENCIÓN DE SERIE
Mención de serie Enciclopedia científica
650 #4 - PUNTO DE ACCESO ADICIONAL DE MATERIA--TÉRMINO DE MATERIA
Término de materia o nombre geográfico como elemento de entrada Sindicatos.
9 (RLIN) 17116
650 #4 - PUNTO DE ACCESO ADICIONAL DE MATERIA--TÉRMINO DE MATERIA
Término de materia o nombre geográfico como elemento de entrada Movimiento obrero-
Subdivisión geográfica España-
Subdivisión de forma Historia.
9 (RLIN) 15214
700 1# - ENTRADA AGREGADA--NOMBRE PERSONAL
Nombre de persona Núñez de Arenas, Manuel,
Fechas asociadas al nombre 1886-1951
9 (RLIN) 175837
830 1# - PUNTO DE ACCESO ADICIONAL DE SERIE-TÍTULO UNIFORME
Título uniforme Enciclopedia científica
9 (RLIN) 219107
852 4# - LOCALIZACIÓN
Ubicación ES-MaACL
Número de control de estantería D-4445
Holdings
Estatus retirado Estado de pérdida Estado de daño No para préstamo Biblioteca de origen Biblioteca actual Ubicación en estantería Fecha de adquisición Fuente de adquisición Total de préstamos Signatura topográfica completa Código de barras Visto por última vez Precio de reemplazo Tipo de ítem Koha
        Biblioteca del Ateneo de Madrid Biblioteca del Ateneo de Madrid Sala Valle Inclán 17/01/2008     D-4445 901131606 23/02/2023 23/02/2023 Libro impreso